000 00642nam a2200229Ia 4500
003 OSt
005 20220923214153.0
006 a|||||r|||| 00| 0
007 ta
008 220922b |||||||| |||| 00| 0 hin d
024 _a167,591
037 _cTextual
040 _aARTS
_cARTS
_bhin
041 _2hin
_ahin
082 _aO152:1I00x, H7
100 _aकबीर
245 0 _aगं्रथावाली, श्यामसुन्दर संपा
246 _aGanrathāvālī, shyāmasundar sanpā0
260 _c1947
942 _hO152:1I00x, H7
_cTEXL
_2CC
999 _c322061
_d322061